000 01226cam a22002771i 4500
003 SA-RiAUC
005 20250530132852.0
008 250527s1996 su g 00000cara c
040 _aSA-RiKSU
_bara
_cSA-RiAUC
_erda
082 0 4 _a234.6
_qSA-RiAUC
090 _a234.6
_bا ب ن ح
100 1 _aابن حجر العسقلاني، أحمد بن علي بن محمد،
_d773-852 هجري
_eمؤلف.
245 1 0 _aكتاب الإيثار بمعرفة رواة الآثار /
_cلابن حجر العسقلاني ؛ قدم له وعلق عليه علي بن سليم بن عيد العبادي.
246 3 0 _aالإيثار بمعرفة رواة الآثار
250 _aالطبعة الأولى.
264 1 _aالرياض :
_bدار العاصمة،
_c1996
300 _a207 صفحة ؛
_c24 سم
336 _aنص
_btxt
_2rdacontent
_3كتاب
337 _aبدون وسيط
_bn
_2rdamedia
338 _aمجلد
_bnc
_2rdacarrier
650 7 _aالحديث
_xتراجم الرواة
_2aucsh
650 7 _aطبقات رواة الحديث وحفاظه
_vتراجم
_2aucsh
700 1 _aالعبادي، علي بن سليم بن عيد
_eمقدم.
942 _2ddc
_cBOOK
_n0
949 _aSA-JeALM
_d250527
_uosman123
_n1
999 _c8511
_d8511